[Event "Gideon Japhet Cup 2018"]
[Site "Jerusalem"]
[Date "2018.07.02"]
[Round "1"]
[White "Ivanchuk, Vassily"]
[Black "Nepomniachtchi, Ian"]
[Result "1/2-1/2"]
[WhiteElo "2682"]
[BlackElo "2770"]
[Annotator "TA"]
[PlyCount "128"]
[EventDate "2018.07.02"]
[EventType "tourn"]
[EventCountry "ISR"]
[SourceTitle "playchess.com"]
[Source "ChessBase"]
[SourceQuality "1"]

{[%evp 9,128,0,8,12,27,0,9,0,0,0,0,-5,-2,-2,15,13,12,29,31,29,34,22,34,34,26,30,61,62,56,62,103,102,108,88,101,51,51,51,51,52,52,57,57,45,50,43,50,44,60,65,75,70,70,69,72,72,72,42,80,80,80,78,80,78,80,77,75,72,72,72,72,57,78,69,84,57,54,48,70,47,48,49,49,46,48,43,43,40,41,37,51,25,39,25,25,22,32,33,31,31,31,33,33,33,33,33,43,26,20,22,27,20,20,10,10,10,10,10,15,10,10]} 1. d4 Nf6 2. c4 g6 3. g3 c6 4. Nc3 (4. Bg2 d5 5. b3 Bg7 6. Nf3 O-O 7. O-O dxc4 8. bxc4 c5 9. Bb2 cxd4 10. Nxd4 Qb6 11. Qc1 Bd7 12. Nd2 Nc6 13. e3 Rac8 14. Bc3 Nxd4 15. exd4 Bf5 16. Qa3 Bd3 17. Rfe1 Bxc4 18. Nxc4 Rxc4 19. Rab1 {½-½ (36) Mamedyarov,S (2814)-Radjabov,T (2748) Shamkir 2018}) 4... d5 5. Qb3 dxc4 6. Qxc4 {E60: King's Indian: Unusual lines and Fianchetto Variation without Nc3} Be6 7. Qd3 Na6 8. a3 Bg7 9. Bg2 $146 ({Predecessor:} 9. Nh3 c5 10. Nf4 cxd4 11. Nxe6 fxe6 {1-0 (42) Engels,L-Prosdocimi,A Sao Paulo 1941}) 9... O-O 10. Nf3 c5 11. O-O Nd5 12. Rd1 Nxc3 13. bxc3 Rc8 14. Bf4 cxd4 15. cxd4 Bc4 16. Qd2 Bd5 17. Rac1 e6 18. Qd3 Rxc1 19. Rxc1 Bxf3 20. Qxf3 Bxd4 21. Qxb7 g5 {[#] And now ...Nc5 would win.} 22. Qxa6 (22. e3 {seems wilder.} Bb6 23. Be5 Qd2 24. Rf1 Qd3 25. Bf6) 22... gxf4 23. gxf4 Qb6 24. Qxb6 Bxb6 $14 {[%mdl 4096] Endgame KRB-KRB} 25. e3 Rd8 26. Be4 Rd2 27. f5 exf5 28. Bxf5 Kg7 29. Rc4 h6 30. a4 Rd5 31. Bh3 Rc5 32. Rb4 Bc7 33. Bg4 a5 34. Rb7 Bd6 {[#] ...Rg5 is the strong threat.} 35. h3 Rc7 36. Rb6 Bc5 37. Rb1 Bb4 38. Kg2 Rc2 39. Bd1 Rd2 40. Bb3 f5 41. Rc1 Rb2 42. Bd5 Bd2 43. Rc7+ Kf6 {White should prevent ...Bxe3.} 44. Rc6+ Kg7 $1 45. Kf1 f4 46. exf4 Bxf4 47. Rc5 Bd2 48. Be4 Rb4 49. Bc2 Rf4 50. Re5 Bc3 51. Re7+ Kf6 52. Re2 Rd4 53. Re3 Bd2 54. Rf3+ Rf4 55. Rd3 Bb4 56. Rd5 Rc4 57. Bd3 Rf4 58. Ke2 Rh4 59. Rf5+ Ke6 60. Rf3 Bc5 {The position is equal.} 61. Bc2 Ke5 62. Rc3 Kd6 63. Bb3 Rf4 (63... Bd4 $5 {[%cal Rd4c3]} 64. Rf3 Be5 $14) 64. Rf3 Ke5 {Precision: White = 68%, Black = 68%.} 1/2-1/2

[Event "Gideon Japhet Cup 2018"]
[Site "Jerusalem"]
[Date "2018.07.02"]
[Round "1"]
[White "Muzychuk, Anna"]
[Black "Svidler, Peter"]
[Result "1/2-1/2"]
[WhiteElo "2597"]
[BlackElo "2747"]
[Annotator "TA"]
[PlyCount "46"]
[EventDate "2018.07.02"]
[EventType "tourn"]
[EventCountry "ISR"]
[SourceTitle "playchess.com"]
[Source "ChessBase"]
[SourceQuality "1"]

{[%evp 13,46,14,43,39,50,45,61,53,43,36,68,65,63,66,52,29,35,58,125,33,17,25,93,58,174,179,175,144,155,133,209,149,146,0,166]} 1. e4 c5 2. Nf3 d6 3. Bb5+ Nd7 4. O-O a6 5. Bd3 Ngf6 6. c3 {B51: Sicilian: Moscow Variation (3 Bb5+) without 3...Bd7} (6. Re1 b5 7. c3 Bb7 8. Bc2 c4 9. a4 e6 10. axb5 axb5 11. Rxa8 Qxa8 12. Na3 Bxe4 13. Bxe4 Nxe4 {½-½ (35) Mamedov,R (2704)-Karjakin,S (2778) Shamkir 2018}) 6... b5 7. a4 c4 {LiveBook: 3 Games} 8. Be2 {White is slightly better.} Bb7 9. axb5 axb5 10. Rxa8 Bxa8 11. Na3 Bxe4 12. Nxb5 d5 13. b3 $146 cxb3 14. Ba3 e6 {[#] Threatens to win with ...Bxf3.} 15. Qxb3 {Strongly threatening Nd6+.} Nc5 (15... Bxf3 $14 16. Bxf3 Be7) 16. Qa2 (16. Qb2 $16) 16... Bxf3 $1 $14 17. Bxf3 {aiming for Ra1.} Be7 (17... Qa5 $1 $11) 18. c4 {[#] Hoping for cxd5.} d4 ({Better is} 18... O-O $14) 19. Bc6+ $18 Kf8 20. Bb4 g6 21. Qa7 Nb3 (21... Ncd7 $16) 22. Qa4 Nc5 23. Qa7 Nb3 $1 {Precision: White = 53%, Black = 45%.} 1/2-1/2

[Event "Gideon Japhet Cup 2018"]
[Site "Jerusalem"]
[Date "2018.07.02"]
[Round "2"]
[White "Nepomniachtchi, Ian"]
[Black "Ivanchuk, Vassily"]
[Result "1-0"]
[WhiteElo "2770"]
[BlackElo "2682"]
[Annotator "TA"]
[PlyCount "109"]
[EventDate "2018.07.02"]
[EventType "tourn"]
[EventCountry "ISR"]
[SourceTitle "playchess.com"]
[Source "ChessBase"]
[SourceQuality "1"]

{[%evp 21,109,0,0,-7,-7,-289,-106,-106,-105,-106,-109,-112,-105,-105,-104,-110,-110,-103,-105,-112,-113,-115,-111,-111,-106,-112,-114,-132,-103,-115,-113,-128,-114,-179,-180,-165,-165,-170,-166,-197,-197,-206,-198,-202,-196,-224,-163,-168,-168,-192,-190,-186,-197,-205,-191,-281,-284,-288,-277,-262,-227,-211,-228,-229,-129,-110,-83,-97,0,-83,-85,-78,-81,-84,-80,-89,-58,-57,0,-3,25,20,485,483,458,458,29978,29976,29979,29979]} 1. e4 c6 2. d4 d5 3. e5 Bf5 4. Nf3 e6 5. Be2 c5 6. O-O Nc6 7. Be3 cxd4 8. Nxd4 Nxd4 {B12: Caro-Kann (Vorstoß-Variante)} (8... Nge7 9. Nf3 Ng6 10. c4 dxc4 11. Qa4 Qa5 12. Qxc4 Ngxe5 13. Nxe5 Nxe5 14. Qb3 Qb4 15. Nc3 a6 16. Qxb4 Bxb4 {0-1 (45) Movsesian,S (2673)-Navara,D (2725) Prague 2016}) 9. Qxd4 Ne7 {[%cal Bg8e7,Be7c6,Bc6e5][%mdl 32]} 10. Bb5+ Nc6 11. Qa4 Qc8 {LiveBook: 4 Partien} 12. Nd2 a6 13. Bd3 $146 {[%mdl 8192] [#]} (13. Bxc6+ $11 {und Weiss ist OK.} Qxc6 14. Qxc6+ bxc6 15. Rac1) ({Vorgänger:} 13. Bxc6+ Qxc6 14. Qxc6+ bxc6 15. Nb3 Rc8 16. c4 Bd3 17. Rfc1 {½-½ (17) Buckley,S (2216)-Palo,D (2141) Oropesa del Mar 1999}) 13... Bxd3 $2 (13... d4 $1 $19 {[%mdl 512] und Schwarz behält klar die Oberhand. Droht ...b5 und aus.} 14. Bxd4 Bxd3 15. cxd3 b5) 14. cxd3 $17 Qd7 $1 15. Rac1 Nxe5 16. Qd4 f6 17. Nb3 Bd6 18. Nc5 Bxc5 19. Rxc5 O-O {[%cal Bh8f8,Bf8f7,Bf7e7][%mdl 32]} 20. Bf4 Nc6 21. Qa4 Rad8 22. Rfc1 Rf7 23. h3 h6 24. a3 Re7 25. b4 Nd4 26. Qd1 e5 {[#]} 27. Be3 (27. Rc7 $1 $17 {[%mdl 512]} Qxc7 28. Rxc7 Rxc7 29. Be3) 27... Ne6 $19 {Droht stark ...d4.} 28. R5c2 d4 29. Bd2 Qa4 30. Qf3 Qxa3 31. Bxh6 Qxb4 32. Bd2 Qb5 33. h4 Qd5 34. Qf5 Qd7 35. Qf3 Rf7 36. h5 Re8 37. Re1 Nd8 38. h6 (38. Rb1 $142) 38... g6 39. Rc5 Kh7 40. Rd5 Qf5 41. Qxf5 gxf5 42. Rxd4 Ne6 ({Jedoch nicht} 42... exd4 43. Rxe8 Nc6 44. Kf1 $17) (42... Nc6 $1 $19 {[%cal Rc6d4]} 43. Rd6 Rd8 44. Rxd8 Nxd8) 43. Rd6 $17 Rfe7 44. Bb4 Rf7 ({Ein No Go ist} 44... Kxh6 45. d4 $1 $11 {[%mdl 512]}) (44... Kg6 $17 45. d4 a5 46. Bxa5 Nxd4) 45. d4 (45. Bd2 $1 $11) 45... e4 46. Bd2 Nc7 47. Rb1 Nb5 48. Rd5 {[#]} f4 $1 {[%mdl 512] Weiss muss nun ...e3 beachten.} 49. Rb3 (49. Bxf4 Nc3) 49... e3 ({Besser ist} 49... Rc8 $15 50. Kf1 Rc4 51. Bxf4 Nxd4) 50. fxe3 $11 {[%cal Bf2e3,Be3f4,Bf4f5][%mdl 32]} Kxh6 51. exf4 Re2 $2 {[%mdl 8192]} (51... Kh7 $11) 52. Rh3+ $18 Kg7 53. Rg3+ Kh6 (53... Kf8 $18) 54. Rd8 Kh7 {[#]} 55. f5 $1 {Precision: Weiß = 58%, Schwarz = 55%.} 1-0

[Event "Gideon Japhet Cup 2018"]
[Site "Jerusalem"]
[Date "2018.07.02"]
[Round "2"]
[White "Svidler, Peter"]
[Black "Muzychuk, Anna"]
[Result "1/2-1/2"]
[WhiteElo "2747"]
[BlackElo "2597"]
[Annotator "TA"]
[PlyCount "54"]
[EventDate "2018.07.02"]
[EventType "tourn"]
[EventCountry "ISR"]
[SourceTitle "playchess.com"]
[Source "ChessBase"]
[SourceQuality "1"]

{[%evp 19,54,-6,-26,-25,-27,-30,-26,-22,-26,-28,-34,-46,-36,-37,-49,-49,-43,-41,-41,-50,-47,-37,-31,-41,-41,-36,-39,-36,-31,-48,0,-34,0,-46,0,-72,0]} 1. Nf3 d5 2. c4 c6 3. e3 Nf6 4. Nc3 e6 5. Qc2 (5. b3 Bd6 6. Bb2 O-O 7. d4 Nbd7 8. Bd3 e5 9. cxd5 cxd5 10. dxe5 Nxe5 11. h3 Qe7 12. O-O Nxf3+ 13. Qxf3 Qe5 14. Rfd1 Be6 15. Rab1 Rac8 16. Nb5 Qh2+ 17. Kf1 Be5 {1-0 (29) Khismatullin,D (2632)-Saric,I (2669) Riadh 2017}) 5... Bd6 6. b3 {A11: English Opening: 1...c6} O-O 7. Bb2 e5 8. cxd5 cxd5 9. Nb5 Nc6 10. Nxd6 Qxd6 {LiveBook: 61 Games} 11. d4 Nb4 12. Qd1 $1 e4 13. Ne5 Ne8 14. a3 f6 15. axb4 Qxb4+ {[#]} ({Of course not} 15... fxe5 $6 16. Bc3 $14) 16. Qd2 $146 Qxd2+ 17. Kxd2 {[#] And now Ba3 would win.} fxe5 18. Ke1 exd4 19. Bxd4 a6 20. Be2 Bd7 21. f4 exf3 22. gxf3 Nd6 23. Be5 Nf7 24. Bd4 Nd6 25. Be5 Nf7 26. Bd4 Nd6 27. Be5 Nf7 {Precision: White = 97%, Black = 67%.} (27... Nf5 $17 28. Kd2 Bb5) 1/2-1/2

[Event "Gideon Japhet Cup 2018"]
[Site "Jerusalem"]
[Date "2018.07.02"]
[Round "2"]
[White "Gelfand, Boris"]
[Black "Meier, Georg"]
[Result "1/2-1/2"]
[WhiteElo "2674"]
[BlackElo "2662"]
[Annotator "TA"]
[PlyCount "96"]
[EventDate "2018.07.02"]
[EventType "tourn"]
[EventCountry "ISR"]
[SourceTitle "playchess.com"]
[Source "ChessBase"]
[SourceQuality "1"]

{[%evp 17,96,0,0,0,0,0,0,12,12,12,12,3,0,0,8,7,35,-19,0,0,33,-4,-5,-6,-5,-6,-13,0,9,18,16,22,17,19,25,18,79,0,0,0,-1,-3,10,10,10,10,10,10,20,16,13,0,0,0,0,-12,-14,-63,-39,-76,-23,-24,-24,-24,-24,-31,0,-15,0,-14,0,0,0,0,0,0,0,0,0,0,0]} 1. d4 Nf6 2. c4 e6 3. Nf3 d5 4. g3 Bb4+ 5. Bd2 Be7 6. Bg2 O-O 7. O-O c6 8. Qc2 Nbd7 9. Rc1 {E11: Bogo-Indian} a5 {LiveBook: 8 Games} (9... b6 10. a4 Ne4 11. Be1 a5 12. Nbd2 Nxd2 13. Nxd2 Bf6 14. cxd5 cxd5 15. e4 Bxd4 16. Nb3 Bf6 17. exd5 exd5 18. Bxd5 {½-½ (28) Grischuk,A (2767)-Karjakin,S (2763) Berlin 2018}) 10. Bg5 h6 11. Bf4 $146 ({Predecessor:} 11. Bxf6 Bxf6 12. Nbd2 e5 13. cxd5 cxd5 14. dxe5 Nxe5 15. Nxe5 Bxe5 16. Rd1 Be6 {½-½ (60) Starostits,I (2423)-Volodin,A (2468) Riga 2017}) 11... Nh5 12. e3 g5 13. Be5 Ng7 {[#] Strongly threatening ...f6.} 14. g4 Nxe5 15. Nxe5 Bd6 16. Nd2 f6 17. Nd3 (17. Ng6 $14 Rf7 18. Rd1) 17... f5 18. h3 h5 19. Ne5 Bxe5 20. dxe5 fxg4 21. hxg4 hxg4 22. Nf1 {[%cal Bd2f1,Bf1h2,Bh2g4,Bg4f6][%mdl 32]} Nf5 23. Nh2 g3 24. fxg3 Kg7 25. Ng4 Nxg3 26. Nf6 {[%csl Gf6][%cal Rc2h7] [#]} Rh8 (26... Rxf6 $11 {remains equal.} 27. exf6+ Qxf6) 27. Kf2 (27. Bf3 $16) 27... Nh5 $11 28. Nxh5+ Rxh5 29. Rh1 $132 {[%mdl 2048] White is fighting back} Qf8+ 30. Bf3 Rxh1 $1 31. Rxh1 {[%csl Gh1][%cal Rc2h7]} Qf5 32. Qxf5 exf5 33. cxd5 cxd5 34. Bxd5 {[%mdl 4096] Endgame Black must now prevent Rc1. KRB-KRB} Bd7 35. Rd1 Rc8 36. Bb3 Be8 37. Rd2 Rc5 38. Bd5 Bc6 (38... b5 $17) 39. Bxc6 bxc6 {KR-KR} 40. Rd7+ Kg6 41. Rd6+ Kg7 42. Rd7+ {The position is equal.} Kg6 43. Rd6+ Kf7 44. Rf6+ Ke7 45. Rxf5 Rc2+ 46. Kf3 Rxb2 47. Rxg5 Rxa2 48. Ke4 a4 {Precision: White = 62%, Black = 64%.} 1/2-1/2

[Event "Gideon Japhet Cup 2018"]
[Site "Jerusalem"]
[Date "2018.07.03"]
[Round "3"]
[White "Nepomniachtchi, Ian"]
[Black "Gelfand, Boris"]
[Result "1-0"]
[WhiteElo "2770"]
[BlackElo "2674"]
[Annotator "TA"]
[PlyCount "87"]
[EventDate "2018.07.02"]
[EventType "tourn"]
[EventCountry "ISR"]
[SourceTitle "playchess.com"]
[Source "ChessBase"]
[SourceQuality "1"]

{[%evp 15,87,8,6,0,-5,-24,-24,-41,-32,-38,16,16,0,6,9,1,25,0,0,0,0,0,103,100,106,88,86,90,221,67,68,51,77,55,56,55,65,55,55,55,119,113,116,54,47,57,56,50,349,100,290,279,262,225,561,560,579,569,575,546,858,874,950,929,1537,1518,1504,1323,1677,1275,5397,1643,5945,5608]} 1. e4 c5 2. Nf3 Nc6 3. Bb5 g6 4. O-O Bg7 5. Nc3 d6 6. Re1 Bd7 7. a4 Nf6 8. d3 O-O 9. Bg5 {B31: Sicilian: 2...Nc6 3 Bb5 g6} h6 10. Bh4 g5 $146 ({Predecessor:} 10... b6 11. Qd2 Kh7 12. Nd5 e6 13. Nxf6+ Bxf6 14. Bxf6 Qxf6 15. e5 dxe5 16. Bxc6 Bxc6 17. Nxe5 {½-½ (39) Sipos,I (2271)-Janovsky,J (2041) Slovakia 2005}) 11. Bg3 {Black has an edge.} Nh5 12. Ne5 Nxe5 (12... Nxg3 $15 13. Nxd7 Qxd7) 13. Bxe5 $11 Bxe5 14. Qxh5 Kh7 15. Nd1 {[%cal Bc3d1,Bd1e3,Be3d5][%mdl 32]} e6 16. c3 Bxb5 17. axb5 Qd7 18. Ne3 f5 (18... Qxb5 $11 19. Nc4 Qd7) 19. exf5 $16 exf5 20. Nd5 {Black must now prevent b6.} Rae8 21. g3 ({But not} 21. Rxa7 $6 Bxh2+ 22. Kf1 Rxe1+ 23. Kxe1 Qxb5 $11) 21... Bg7 (21... f4 $16) 22. h4 $2 ({White has to play} 22. Rxe8 $18 Rxe8 23. Rxa7) 22... Re5 $1 $14 {[%cal Re5d5]} 23. c4 Qf7 24. Qxf7 (24. Qf3 {with more complications.} g4 25. Qd1 Rxe1+ 26. Qxe1 Re8 27. Qd2) 24... Rxe1+ 25. Rxe1 {[#] Intending Nf6+ and mate.} Rxf7 26. hxg5 hxg5 $16 {[%mdl 4096] Endgame KRB-KRN} 27. b3 f4 (27... g4 $14) 28. gxf4 gxf4 29. Kg2 (29. Re7 $16 Rxe7 30. Nxe7) 29... f3+ $14 30. Kg3 Be5+ 31. Kg4 a5 $2 {[%mdl 8192] [#]} (31... Kg7 $1 $14) 32. Rh1+ $2 (32. Re3 $1 $18 {[%cal Re3f3]} Kg7 33. Rxf3) 32... Kg8 $2 (32... Kg7 $16 {was necessary.}) 33. Rh3 $18 Rg7+ 34. Kf5 Rg1 $2 (34... Rg2 {is more resistant.}) 35. Rxf3 {White is clearly winning.} Rb1 36. d4 Bxd4 37. Ke6 Kg7 38. Kd7 Ra1 39. Kc7 a4 40. bxa4 Rxa4 41. Kxb7 Rxc4 42. b6 {[%cal Bb5b6,Bb6b7][%mdl 32]} Rc2 43. Kc7 c4 44. b7 {Precision: White = 50%, Black = 30%.} 1-0

[Event "Gideon Japhet Cup 2018"]
[Site "Jerusalem"]
[Date "2018.07.03"]
[Round "3"]
[White "Svidler, Peter"]
[Black "Meier, Georg"]
[Result "1-0"]
[WhiteElo "2747"]
[BlackElo "2662"]
[Annotator "TA"]
[PlyCount "85"]
[EventDate "2018.07.02"]
[EventType "tourn"]
[EventCountry "ISR"]
[SourceTitle "playchess.com"]
[Source "ChessBase"]
[SourceQuality "1"]

{[%evp 21,85,12,13,17,35,31,33,29,33,26,28,0,4,0,12,0,34,29,43,43,45,43,51,41,51,46,45,52,47,32,43,0,0,0,8,5,22,6,15,0,68,95,92,98,102,97,131,59,75,68,80,0,0,0,641,607,542,437,12834,12835,12837,12837,12836,12836,12842,12843]} 1. e4 e6 2. d4 d5 3. Nc3 dxe4 4. Nxe4 Nd7 5. Nf3 Ngf6 6. Nxf6+ Nxf6 7. g3 b6 {C10: French with 3 Nc3: Unusual Black 3rd moves and 3...dxe4} 8. Bb5+ Bd7 9. Be2 Bc6 10. O-O Bd6 11. Ne5 Bxe5 {LiveBook: 5 Games} 12. dxe5 Qd5 13. Qxd5 Nxd5 14. Rd1 O-O-O {[#]} 15. Bg5 $146 ({Predecessor:} 15. Bd2 Ne7 16. c4 Be4 17. Bc3 {½-½ (17) Vachier Lagrave,M (2718)-Meier,G (2653) Khanty-Mansiysk 2009}) 15... Rd7 16. c4 Nb4 $1 17. Rxd7 Bxd7 18. c5 h6 19. Bd2 Nc2 20. Rd1 {Strongly threatening cxb6.} Nd4 21. Ba6+ Kb8 {[#]} 22. Bxh6 $1 {[%mdl 512]} Nf3+ (22... gxh6 23. Rxd4) 23. Kf1 gxh6 24. Rxd7 Nxe5 $14 {[%mdl 4096] Endgame KRB-KRN} 25. Rd4 (25. Rd1 {looks sharper.} bxc5 26. a3 Re8 27. f4 Ng4 28. Rd3) 25... bxc5 26. Rh4 c6 27. f4 Nd7 28. g4 f6 29. Ke2 Kc7 {[#]} 30. g5 $1 {[%mdl 512]} fxg5 (30... h5 $11) 31. fxg5 h5 32. Ke3 Ne5 33. Be2 c4 34. Rxh5 (34. Bxc4 $16 Nxc4+ 35. Rxc4) 34... Rb8 35. Rh6 Kd6 36. h4 (36. g6 $16) 36... Rxb2 $11 37. g6 {[%cal Bg5g6,Bg6g7][%mdl 32]} Ke7 $2 {[%mdl 8192]} (37... Rb1 $11 38. Kf2 Nxg6 39. Rxg6 c3) 38. g7 $18 {White is clearly winning.} Kf7 {[#] ...c3 is the strong threat.} 39. Rxe6 $1 {[%mdl 512]} Nd3 {[#]} (39... Rxa2 $142 40. Rxe5 Kxg7 41. Rg5+ Kh6) (39... Kxe6 40. g8=Q+) 40. Re7+ $1 {[%mdl 512]} Kg8 (40... Kxe7 41. g8=Q) 41. h5 {White threatens Bg4 and mate.} Rb8 42. Bg4 {White wants to mate with Be6+.} Nc5 43. Bf5 {Precision: White = 66%, Black = 40%.} 1-0

[Event "Gideon Japhet Cup 2018"]
[Site "Jerusalem"]
[Date "2018.07.03"]
[Round "3"]
[White "Ivanchuk, Vassily"]
[Black "Muzychuk, Anna"]
[Result "1/2-1/2"]
[WhiteElo "2682"]
[BlackElo "2597"]
[Annotator "TA"]
[PlyCount "53"]
[EventDate "2018.07.02"]
[EventType "tourn"]
[EventCountry "ISR"]
[SourceTitle "playchess.com"]
[Source "ChessBase"]
[SourceQuality "1"]

{[%evp 15,53,24,30,0,26,-17,-6,-5,17,-10,-4,-15,0,-18,0,-5,-8,-17,0,0,0,0,0,-12,0,-15,10,0,0,0,0,0,0,0,0,0,0,0,0,0]} 1. e4 e5 2. Nf3 Nc6 3. Bb5 a6 4. Ba4 Nf6 5. d3 Bc5 6. Bxc6 dxc6 7. Nbd2 {C77: Spanische Partie (Anderssen-Variante)} (7. h3 Nd7 8. Nc3 O-O 9. Be3 Bb4 10. O-O Re8 11. Nd2 Nf8 12. a3 Bd6 13. Nc4 Ng6 14. Nxd6 cxd6 {½-½ (36) Grischuk,A (2737)-Aronian,L (2785) Doha 2016}) 7... Bd6 8. Nc4 Qe7 {LiveBook: 3 Partien} 9. Qe2 {Weiß hat minimalen Vorteil.} Nd7 $146 {[%cal Bf6d7,Bd7f8,Bf8g6,Bg6f4][%mdl 32]} ({Vorgänger:} 9... Bg4 10. Be3 b5 11. Ncd2 Nh5 12. h3 Nf4 13. Bxf4 Bxf3 14. Qxf3 exf4 15. Nb3 {1-0 (31) Guinand,V-Durand Gasselin,A Avignon 2000}) 10. g4 Nf8 {Die Stellung ist ausgeglichen.} 11. Rg1 Ng6 12. Bg5 f6 13. Be3 Be6 14. h4 Bxc4 15. dxc4 O-O-O 16. h5 Nf4 17. Bxf4 $1 exf4 18. O-O-O Rhe8 19. Rge1 Be5 20. c3 Qc5 21. Nd2 Qe7 22. f3 a5 23. a4 Bxc3 24. bxc3 {[#] Droht stark Sb3.} Qa3+ 25. Kc2 {Ta1 ist eine echte Drohung.} Qa2+ 26. Kc1 {zielt auf Sb1 ab.} Qa3+ 27. Kc2 {Precision: Weiß = 33%, Schwarz = 43%.} 1/2-1/2

[Event "Gideon Japhet Cup 2018"]
[Site "Jerusalem"]
[Date "2018.07.03"]
[Round "4"]
[White "Gelfand, Boris"]
[Black "Nepomniachtchi, Ian"]
[Result "1/2-1/2"]
[WhiteElo "2674"]
[BlackElo "2770"]
[Annotator "TA"]
[PlyCount "45"]
[EventDate "2018.07.02"]
[EventType "tourn"]
[EventCountry "ISR"]
[SourceTitle "playchess.com"]
[Source "ChessBase"]
[SourceQuality "1"]

{[%evp 9,45,31,43,22,30,23,23,23,30,20,26,10,15,9,11,13,14,6,11,8,12,0,8,0,15,11,7,10,15,8,30,22,46,0,20,0,43,0]} 1. Nf3 {Quintiliano,R} d5 2. d4 Bf5 3. c4 e6 4. Nc3 Nf6 5. Nh4 Bb4 (5... Bg6 6. Nxg6 hxg6 7. g3 c6 8. Qd3 Nbd7 9. Bg2 Be7 10. O-O O-O 11. Rd1 Qa5 12. b3 Rfd8 {0-1 (46) Gelfand,B (2695)-Nepomniachtchi,I (2751) Moscow 2018}) 6. cxd5 {D06: Queen's Gambit: Symmetrical and Baltic Defences} Qxd5 7. e3 O-O $146 ({Predecessor:} 7... c5 8. Bb5+ Nc6 9. O-O Qd7 10. Nxf5 exf5 11. Ne2 cxd4 12. Nxd4 Bc5 13. Nxc6 bxc6 14. Qxd7+ Kxd7 {½-½ (22) Gelfand,B (2724)-Mamedyarov,S (2772) Moscow 2017 CBM 179 [Quintiliano,R]}) 8. Be2 {White has an edge.} Ne4 9. Bd2 Bxc3 10. Bxc3 Nxc3 11. bxc3 Be4 12. O-O Qa5 13. Qb3 Nd7 14. Nf3 c5 15. a4 Rac8 16. Rfc1 Qc7 17. Nd2 Bc6 18. a5 Rfd8 19. Qa3 e5 20. Nb3 Be4 21. Nd2 Bc6 $1 22. Nb3 Be4 23. Nd2 {Precision: White = 39%, Black = 68%.} 1/2-1/2

[Event "Gideon Japhet Cup 2018"]
[Site "Jerusalem"]
[Date "2018.07.03"]
[Round "4"]
[White "Meier, Georg"]
[Black "Svidler, Peter"]
[Result "1/2-1/2"]
[WhiteElo "2662"]
[BlackElo "2747"]
[Annotator "TA"]
[PlyCount "83"]
[EventDate "2018.07.02"]
[EventType "tourn"]
[EventCountry "ISR"]
[SourceTitle "playchess.com"]
[Source "ChessBase"]
[SourceQuality "1"]

{[%evp 18,83,20,10,18,22,16,15,32,30,29,36,56,20,31,0,4,7,17,0,23,37,44,20,24,27,38,-43,-38,-30,-25,-66,-30,-41,0,0,0,-45,-32,-67,11,11,103,92,75,0,0,0,0,-11,0,-18,0,-77,0,0,0,0,0,0,114,-192,0,0,0,0,0,0]} 1. Nf3 c5 2. c4 Nc6 3. Nc3 Nf6 4. g3 d5 5. cxd5 Nxd5 6. Bg2 Nc7 7. O-O e5 8. a3 Rb8 {A34: Symmetrical English: 2 Nc3, lines with ...d5} (8... Bd7 9. e3 Be7 10. d4 exd4 11. exd4 cxd4 12. Nxd4 O-O 13. Be3 Bf6 14. Rc1 Nxd4 15. Bxd4 Bc6 16. Bxc6 bxc6 {0-1 (69) Almasi,Z (2682)-Kasimdzhanov,R (2683) Riadh 2017}) 9. Rb1 Be7 10. b4 {LiveBook: 3 Games} cxb4 11. axb4 b5 12. Qc2 Rb6 13. d3 Nxb4 14. Qb2 f6 15. Be3 $146 {[%mdl 1024] White has compensation.} ({Predecessor:} 15. Rd1 Ne6 16. Be3 {1-0 (39) Kerr,S (2478)-Gonzalez,B (2408) ICCF email 2013}) 15... Ra6 16. Nd2 O-O $1 17. Nde4 {[#] And now Nc5 would win.} Nbd5 18. Nc5 {Strongly threatening Nxd5.} Bxc5 19. Bxc5 Nxc3 20. Qxc3 Rf7 21. Rfc1 Be6 22. d4 (22. Bb4 $14) 22... exd4 $15 23. Bxd4 Bc4 24. e4 Rd7 25. Be3 $1 Rd3 26. Qe1 $1 Rd7 27. h4 Ne6 28. Kh2 Rdd6 ({Black should play} 28... Rad6 $15) 29. Bf1 $11 Nd4 (29... Rac6 $11) 30. Bxc4+ $16 bxc4 {[#]} 31. Qb4 (31. Qf1 $1 $16) 31... Nf3+ $11 32. Kg2 Ne5 $36 {[%mdl 2048] Black is pushing.} 33. Qb7 h5 34. Bxa7 Kh7 35. Be3 (35. Bd4 $1 $11 {keeps the balance.}) 35... Ng4 (35... Ra2 $17 {Hoping for ...Ng4.} 36. Ra1 Rd7) 36. Bf4 {Black must now prevent Qf7.} Ra2 37. Rb2 Rxb2 38. Qxb2 Rd4 (38... Rb6 $11 39. Qc2 Qd4 40. e5+ Kh8) 39. Qc2 $2 {[%mdl 8192]} (39. Qb5 $16 {is necessary to keep the advantage.}) 39... Qd7 $2 (39... g5 $19 40. e5+ Kh6 41. hxg5+ fxg5) 40. e5+ {The position is equal.} Kg8 {Threatens to win with ...Qd5+.} 41. exf6 Nxf6 42. Qe2 {Precision: White = 38%, Black = 41%.} 1/2-1/2

[Event "Gideon Japhet Cup 2018"]
[Site "Jerusalem"]
[Date "2018.07.03"]
[Round "4"]
[White "Muzychuk, Anna"]
[Black "Ivanchuk, Vassily"]
[Result "1/2-1/2"]
[WhiteElo "2597"]
[BlackElo "2682"]
[Annotator "TA"]
[PlyCount "52"]
[EventDate "2018.07.02"]
[EventType "tourn"]
[EventCountry "ISR"]
[SourceTitle "playchess.com"]
[Source "ChessBase"]
[SourceQuality "1"]

{[%evp 16,52,16,22,21,16,44,27,46,0,0,0,0,0,0,-4,0,-4,0,0,0,0,0,-1,0,0,0,0,0,-15,-14,-24,0,0,0,0,0,0,0]} 1. e4 e5 2. Nf3 Nc6 3. Nc3 Nf6 4. Bb5 Bb4 5. O-O O-O 6. Bxc6 dxc6 7. Nxe5 Bxc3 {C49: Four Knights: 4 Bb5 Bb4} (7... Re8 8. Nd3 Bxc3 9. dxc3 Nxe4 10. Qf3 Qf6 11. Qf4 Qxf4 12. Bxf4 Nd6 13. Rfe1 Bf5 14. f3 f6 15. g4 Bg6 16. Kf2 Nc4 17. b3 Na3 18. Rxe8+ Rxe8 {½-½ (28) Popov,I (2627)-Kamsky,G (2740) Moscow 2013}) 8. dxc3 Nxe4 9. Bf4 {LiveBook: 3 Games} Nc5 $146 ({Predecessor:} 9... Be6 10. Re1 Qxd1 11. Rb1 Qc1 12. Rbxc1 Nd6 13. Rcd1 Rac8 14. Nd3 Rce8 15. f3 {½-½ (25) Istratescu,A (2540)-Alterman,B (2600) Elista 1998}) 10. Nd3 Ne6 11. Bg3 b6 12. Nf4 Nxf4 13. Bxf4 Bf5 14. Re1 c5 15. Qf3 Bxc2 16. Rac1 Re8 17. h3 {[#] Rxe8+ is the strong threat.} Bf5 18. Rxe8+ Qxe8 19. Bxc7 Rc8 20. Qxf5 {Black must now prevent Bg3.} Rxc7 $11 {[%mdl 4096] Endgame KQR-KQR} 21. Rd1 Re7 22. Qd5 g6 23. Qd8 Kf8 24. Qxe8+ {The position is equal.} Kxe8 25. Kf1 Rd7 26. Rxd7 Kxd7 {Precision: White = 70%, Black = 75%.} 1/2-1/2